| 000 | 00935nam a22002295i 4500 | ||
|---|---|---|---|
| 001 | 161501 | ||
| 003 | ES-MaACL | ||
| 005 | 20241026174638.0 | ||
| 008 | 041022s1873 fr |||| | fre d | ||
| 040 |
_aCAM _bspa _cCAM |
||
| 100 | 1 |
_aPassy, Frédéric. _989461 |
|
| 245 | 1 | 0 |
_aBastiat, sa vie et ses oeuvres / _cconférence de Frédéric Passy. |
| 260 |
_aBordeaux : _b[s.n.], _c1873 ( _fImprimerie G. Gounouilhou) |
||
| 300 |
_a55 p. ; _c22 cm. |
||
| 490 | 1 |
_aDocuments publiés par l'Association du Libre-échange de Bordeaux. 2ª Série ; _v1 |
|
| 594 | _aTitulo tomado de la primera página del texto. | ||
| 600 | 1 | 4 |
_aBastiat, Frédéric ( _d1801-1850) _926365 |
| 830 | 0 |
_aDocuments publiés par l'Association du Libre-échange de Bordeaux. 2ª Série ; _v1 _9222121 |
|
| 852 |
_aES-MaACL _jT-1283-F-5 _z-- Enc. hol. conservando la cub. original _z-- Enc. en un vol. facticio |
||
| 942 | _2udc | ||
| 999 |
_c161501 _d161501 |
||